[Event "2nd GMA World Cup prel  #2"]
[Site "Moscow URS"]
[Date "1989.??.??"]
[Round "5"]
[White "Cvitan, Ognjen"]
[Black "Arakhamia, Ketevan"]
[Result "1-0"]
[WhiteElo "2525"]
[BlackElo "2395"]
[EventDate "1989.05.??"]
[PlyCount "67"]

1.d4 d5 2.c4 c6 3.Nc3 Nf6 4.e3 e6 5.Nf3 Nbd7 6.Bd3 dxc4 7.Bxc4 b5 8.Bd3 
Bb7 9.e4 b4 10.Na4 c5 11.e5 Nd5 12.Nxc5 Bxc5 13.dxc5 Nxc5 14.Bb5+ Kf8 15.
O-O h6 16.Bd2 Qd6 17.Be2 Ke7 18.Rc1 a5 19.Rc4 Ba6 20.Rg4 g6 21.Bxa6 Qxa6 
22.Bxh6 Rxh6 23.Qc1 Rhh8 24.Qxc5+ Kd7 25.Rd1 Rac8 26.Qd4 Rc7 27.Ng5 Qe2 
28.Re4 Qh5 29.Nf3 Qh6 30.Qd3 Rc1 31.Rh4 Rxd1+ 32.Qxd1 Qf8 33.Qa4+ Ke7 34.
Qxa5 1-0

[Event "2nd GMA World Cup prel  #2"]
[Site "Moscow URS"]
[Date "1989.??.??"]
[Round "5"]
[White "Kharitonov, Andrei"]
[Black "Piskov, Yury"]
[Result "0-1"]
[WhiteElo "2520"]
[BlackElo "2400"]
[EventDate "1989.05.??"]
[PlyCount "71"]

1.Nf3 f5 2.g3 Nf6 3.Bg2 d6 4.d4 g6 5.O-O Bg7 6.c4 O-O 7.Nc3 Qe8 8.d5 a5 9.
Be3 h6 10.c5 Na6 11.cxd6 exd6 12.Bd4 b6 13.Qc2 Nc5 14.Rad1 Bd7 15.Nh4 Ng4 
16.Bxg7 Kxg7 17.e3 b5 18.Ne2 Ne5 19.Nd4 b4 20.Rfe1 Ng4 21.Qb1 a4 22.Qc2 
Rb8 23.Re2 Kh7 24.e4 b3 25.axb3 axb3 26.Qb1 f4 27.Nhf3 Ne5 28.Nxe5 dxe5 
29.Nf3 Bg4 30.Qc1 Qb5 31.Red2 fxg3 32.Nxe5 gxf2+ 33.Rxf2 Rxf2 34.Kxf2 Bxd1
35.Qxd1 Re8 36.Qf3 0-1

[Event "2nd GMA World Cup prel  #2"]
[Site "Moscow URS"]
[Date "1989.??.??"]
[Round "5"]
[White "Marjanovic, Slavoljub"]
[Black "Spiridonov, Nikola"]
[Result "1/2-1/2"]
[WhiteElo "2490"]
[BlackElo "2390"]
[EventDate "1989.05.??"]
[PlyCount "25"]

1.e4 c6 2.d4 d5 3.Nd2 dxe4 4.Nxe4 Nd7 5.Bc4 Ngf6 6.Nxf6+ Nxf6 7.c3 Qc7 8.
Bg5 Bg4 9.Ne2 e6 10.f3 Bf5 11.Qd2 Bd6 12.Bf4 h6 13.Bxd6 1/2-1/2

[Event "2nd GMA World Cup prel  #2"]
[Site "Moscow URS"]
[Date "1989.??.??"]
[Round "5"]
[White "Zapata, Alonso"]
[Black "Zaitsev, Igor"]
[Result "1-0"]
[WhiteElo "2490"]
[BlackElo "2390"]
[EventDate "1989.05.??"]
[PlyCount "81"]

1.e4 e5 2.Nf3 Nc6 3.Bb5 a6 4.Ba4 Nf6 5.O-O Be7 6.Re1 b5 7.Bb3 O-O 8.a4 b4 
9.c3 d6 10.h3 Rb8 11.d4 bxc3 12.bxc3 exd4 13.cxd4 d5 14.e5 Ne4 15.Ba3 Nb4 
16.Nbd2 Nd3 17.Bxe7 Qxe7 18.Re3 Ndxf2 19.Qe2 Be6 20.Rf1 Nh1 21.Nxe4 Rxb3 
22.Nf6+ gxf6 23.Rxb3 Ng3 24.Qxa6 Nxf1 25.Qxf1 Ra8 26.Qc1 fxe5 27.Nxe5 Qh4 
28.Kh2 Kh8 29.Rg3 Rg8 30.Rxg8+ Kxg8 31.Nf3 Qd8 32.Qc6 Qd7 33.Qxd7 Bxd7 34.
a5 Bb5 35.Kg3 f6 36.Nd2 Kf7 37.Nb3 Ke7 38.Nc5 Kd6 39.a6 Bc6 40.Kg4 Ba8 41.
h4 1-0

[Event "2nd GMA World Cup prel  #2"]
[Site "Moscow URS"]
[Date "1989.??.??"]
[Round "5"]
[White "Lein, Anatoly"]
[Black "Titov, German"]
[Result "1/2-1/2"]
[WhiteElo "2485"]
[BlackElo "2390"]
[EventDate "1989.05.??"]
[PlyCount "174"]

1.e4 d6 2.d4 Nf6 3.Nd2 g6 4.Ngf3 Bg7 5.Be2 O-O 6.O-O Nc6 7.Re1 Nd7 8.Nc4 
e5 9.dxe5 Ndxe5 10.Nfxe5 Nxe5 11.Nxe5 Bxe5 12.f4 Bg7 13.c3 Re8 14.Bf3 Bd7 
15.Be3 Bc6 16.Bd4 Qh4 17.g3 Qe7 18.Bxg7 Kxg7 19.Qd4+ Qf6 20.Kf2 a6 21.Re3 
Re6 22.Rae1 Rae8 23.g4 h6 24.h4 g5 25.Qxf6+ Kxf6 26.fxg5+ hxg5 27.h5 b5 
28.R3e2 Re5 29.Re3 Kg7 30.R3e2 R8e6 31.Re3 Bb7 32.R3e2 Kh6 33.Re3 Kh7 34.
R3e2 Kh8 35.Re3 Kh7 36.R3e2 Kh8 37.Re3 Kg8 38.R3e2 Kf8 39.Re3 Ke7 40.R3e2 
Ke8 41.Re3 Kf8 42.R3e2 Kg8 43.Re3 Kg7 44.R3e2 Ba8 45.Re3 Kh6 46.R3e2 Kh7 
47.Re3 Kh6 48.R3e2 Kh7 49.Re3 Kh8 50.R3e2 Kg8 51.Re3 Kh8 52.R3e2 Kg8 53.
Re3 Kf8 54.R3e2 Ke8 55.Re3 Ke7 56.R3e2 Ke8 57.Re3 Ke7 58.R3e2 Kf8 59.Re3 
Kg7 60.R3e2 Re7 61.Re3 Kh6 62.R3e2 Kh7 63.Re3 Kh6 64.R3e2 Kh7 65.Re3 Kh8 
66.R3e2 Kg8 67.Re3 Kh8 68.R3e2 Kg8 69.Re3 Kf8 70.R3e2 Ke8 71.Re3 Kf8 72.
R3e2 Kg7 73.Re3 a5 74.a3 Bc6 75.b4 Re8 76.Bg2 Bd7 77.Bf3 Ra8 78.Be2 Be6 
79.Rb1 f6 80.Rc1 Re8 81.bxa5 Rc5 82.Bf3 Re5 83.Be2 Bc4 84.Ra1 Ra8 85.Bxc4 
bxc4 86.Re2 Rexa5 87.Rb2 Rxa3 1/2-1/2

[Event "2nd GMA World Cup prel  #2"]
[Site "Moscow URS"]
[Date "1989.??.??"]
[Round "5"]
[White "Olafsson, Helgi"]
[Black "Minasian, Artashes"]
[Result "1/2-1/2"]
[WhiteElo "2520"]
[BlackElo "2345"]
[EventDate "1989.05.??"]
[PlyCount "46"]

1.d4 Nf6 2.c4 c5 3.d5 g6 4.Nc3 d6 5.e4 Bg7 6.Bd3 O-O 7.Nge2 e6 8.O-O exd5 
9.cxd5 Re8 10.h3 a6 11.a4 Nbd7 12.Be3 Ne5 13.Bc2 Rb8 14.Qb1 Nh5 15.f4 Nc4 
16.Bc1 Qh4 17.b3 Bxh3 18.bxc4 Bxc3 19.Ra3 Bxg2 20.Kxg2 Qg4+ 21.Kf2 Qh4+ 
22.Kg2 Qg4+ 23.Kf2 Qh4+ 1/2-1/2

[Event "2nd GMA World Cup prel  #2"]
[Site "Moscow URS"]
[Date "1989.??.??"]
[Round "5"]
[White "Rogers, Ian"]
[Black "Veroci-Petronic, Zsuzsa"]
[Result "1/2-1/2"]
[WhiteElo "2505"]
[BlackElo "2335"]
[EventDate "1989.05.??"]
[PlyCount "48"]

1.d4 Nf6 2.c4 g6 3.Nc3 d5 4.Bf4 Bg7 5.e3 c5 6.dxc5 Qa5 7.Rc1 dxc4 8.Bxc4 
O-O 9.Nf3 Qxc5 10.Nb5 Be6 11.Bxe6 Qxb5 12.Bc4 Qa5+ 13.Ke2 Nc6 14.Qb3 e5 
15.Bg3 e4 16.Qxb7 exf3+ 17.gxf3 Rad8 18.Rc2 Qf5 19.Rhc1 Na5 20.Qb5 Nxc4 
21.Qxf5 gxf5 22.Rxc4 Nd5 23.R1c2 Rd7 24.a3 Bf6 1/2-1/2

[Event "2nd GMA World Cup prel  #2"]
[Site "Moscow URS"]
[Date "1989.??.??"]
[Round "5"]
[White "Huzman, Alexander"]
[Black "Nikolic, Stanimir"]
[Result "1-0"]
[WhiteElo "2480"]
[BlackElo "2320"]
[EventDate "1989.05.??"]
[PlyCount "99"]

1.d4 Nf6 2.c4 e6 3.Nc3 Bb4 4.f3 d5 5.a3 Bxc3+ 6.bxc3 Nbd7 7.cxd5 exd5 8.e3
O-O 9.Bd3 c5 10.Ne2 b6 11.O-O Re8 12.g4 Nf8 13.Ng3 Bb7 14.Ra2 Re6 15.Bb1 
Qc7 16.g5 Ne8 17.e4 cxd4 18.cxd4 Rc8 19.e5 Rc6 20.Be3 Rc3 21.Qd2 Ba6 22.
Ne2 Bxe2 23.Qxe2 Ne6 24.f4 Qc4 25.Qf2 Qb3 26.Re2 Qxa3 27.f5 Nf8 28.e6 R3c7
29.Bf4 Rb7 30.Ba2 fxe6 31.fxe6 Qe7 32.Bxd5 Ng6 33.Bg3 Rbc7 34.Qf7+ Kh8 35.
Bxc7 Nxc7 36.Qxe7 Nxe7 37.Bg2 Re8 38.Rc1 Nb5 39.d5 Nf5 40.Rb2 Nbd6 41.Rc7 
Re7 42.Rbc2 Kg8 43.Rxe7 Nxe7 44.Rc7 Kf8 45.Rxa7 Ke8 46.Kf2 h6 47.gxh6 gxh6
48.Bf3 Kf8 49.Rd7 Nec8 50.Bh5 1-0

[Event "2nd GMA World Cup prel  #2"]
[Site "Moscow URS"]
[Date "1989.??.??"]
[Round "5"]
[White "Galliamova, Alisa"]
[Black "Inkiov, Ventzislav"]
[Result "1-0"]
[WhiteElo "2325"]
[BlackElo "2470"]
[EventDate "1989.05.??"]
[PlyCount "57"]

1.Nf3 Nf6 2.c4 e6 3.g3 d5 4.b3 c5 5.Bg2 Nc6 6.e3 Be7 7.O-O O-O 8.Bb2 b6 9.
Nc3 Bb7 10.cxd5 Nxd5 11.Nxd5 Qxd5 12.d4 Rad8 13.Ne5 Qd6 14.dxc5 Qxc5 15.
Nd7 Qg5 16.h4 Qh6 17.Rc1 Na5 18.Nxf8 Rxd1 19.Rfxd1 Bxf8 20.Rd8 Qh5 21.Ba3 
h6 22.Rxf8+ Kh7 23.Rc7 Qd1+ 24.Kh2 Bxg2 25.Kxg2 f5 26.Bb2 Qd5+ 27.Kh2 Kg6 
28.Rxg7+ Kh5 29.Rh8 1-0

[Event "2nd GMA World Cup prel  #2"]
[Site "Moscow URS"]
[Date "1989.??.??"]
[Round "5"]
[White "Iailian, Mikhail"]
[Black "Panchenko, Alexander"]
[Result "1/2-1/2"]
[WhiteElo "2325"]
[BlackElo "2465"]
[EventDate "1989.05.??"]
[PlyCount "27"]

1.Nf3 Nf6 2.b3 e6 3.Bb2 Be7 4.c4 O-O 5.Nc3 d5 6.cxd5 Nxd5 7.Nxd5 Qxd5 8.e3
c5 9.Be2 Nc6 10.O-O Rd8 11.d4 cxd4 12.Nxd4 Nxd4 13.Qxd4 Qxd4 14.Bxd4 
1/2-1/2

[Event "2nd GMA World Cup prel  #2"]
[Site "Moscow URS"]
[Date "1989.??.??"]
[Round "5"]
[White "Prins, Lodewijk"]
[Black "Klinger, Josef"]
[Result "0-1"]
[WhiteElo "2265"]
[BlackElo "2475"]
[EventDate "1989.05.??"]
[PlyCount "104"]

1.e4 e6 2.d4 d5 3.exd5 exd5 4.Bd3 Nc6 5.c3 Bd6 6.Qf3 Nce7 7.Bg5 h6 8.Bh4 
Be6 9.Nd2 Qd7 10.Bg3 Bg4 11.Qe3 O-O-O 12.Bxd6 Qxd6 13.Ngf3 Nf5 14.Qe5 Qd7 
15.Qf4 Nf6 16.Ne5 Qe6 17.Nb3 g5 18.Qd2 Nd7 19.O-O Nxe5 20.dxe5 Nh4 21.Qe3 
Bf3 22.Nd4 Qg4 23.Bf5+ Nxf5 24.Qxf3 Qxf3 25.Nxf3 Rhe8 26.Rfe1 c5 27.Rac1 
Kc7 28.h3 Kc6 29.Rcd1 Re6 30.Kf1 Rd7 31.g3 Ne7 32.h4 g4 33.Ng1 Nf5 34.Kg2 
Rde7 35.f4 gxf3+ 36.Nxf3 Rg6 37.Kf2 Nxg3 38.Rd3 Ne4+ 39.Ke3 Rg2 40.Re2 
Rxe2+ 41.Kxe2 f6 42.exf6 Nxf6+ 43.Kf2 Ne4+ 44.Ke3 Nxc3+ 45.Kf4 Ne2+ 46.Kf5
d4 47.Ne5+ Kd5 48.Ng4 c4 49.Rd2 d3 50.Nxh6 Nd4+ 51.Kf6 Re6+ 52.Kg7 Nf3 0-1

[Event "2nd GMA World Cup prel  #2"]
[Site "Moscow URS"]
[Date "1989.??.??"]
[Round "5"]
[White "Heemskerk, Fenny"]
[Black "Vreeken, Corry"]
[Result "0-1"]
[WhiteElo "2025"]
[BlackElo "2165"]
[EventDate "1989.05.??"]
[PlyCount "126"]

1.Nf3 d5 2.d4 Nf6 3.g3 g6 4.Bg2 Bg7 5.O-O O-O 6.Nbd2 c6 7.c3 Nbd7 8.Re1 c5
9.e3 b6 10.a4 Bb7 11.Qb3 Qc7 12.Rb1 e6 13.Qa2 Rfc8 14.b4 a5 15.b5 e5 16.
dxe5 Nxe5 17.Nxe5 Qxe5 18.c4 Qe7 19.cxd5 Rd8 20.Bb2 Nxd5 21.Bxg7 Kxg7 22.
Qb2+ f6 23.Nc4 Rab8 24.Red1 Nb4 25.Bxb7 Rxb7 26.Qe2 Nd5 27.Rbc1 Rbd7 28.
Qf3 Qe6 29.Kg2 Nb4 30.Rxd7+ Rxd7 31.Rc3 f5 32.h3 Nd5 33.Rc1 h5 34.h4 Kf6 
35.Kh2 Nb4 36.Rc3 Na2 37.Rc2 Nb4 38.Rc3 Na2 39.Rc2 Nb4 40.Rc3 Nd5 41.Rc1 
Qe4 42.Qxe4 fxe4 43.Rd1 Ke6 44.Rd2 Nf6 45.Rc2 Nd5 46.Rd2 Rf7 47.Kg2 Rd7 
48.Kh3 Nf6 49.Rc2 Rb7 50.Rd2 Nd5 51.g4 Rd7 52.Kg3 Rb7 53.g5 Rd7 54.f4 Nxe3
55.Rxd7 Nf5+ 56.Kf2 Kxd7 57.Ne5+ Ke6 58.Nxg6 Kd5 59.Ne5 c4 60.Ke2 c3 61.
Nd7 Kd4 62.Nxb6 e3 63.Kd1 Kd3 0-1

[Event "2nd GMA World Cup prel  #2"]
[Site "Moscow URS"]
[Date "1989.??.??"]
[Round "6"]
[White "Petursson, Margeir"]
[Black "Tukmakov, Vladimir"]
[Result "0-1"]
[WhiteElo "2530"]
[BlackElo "2590"]
[EventDate "1989.05.??"]
[PlyCount "48"]

1.d4 e6 2.c4 f5 3.g3 Nf6 4.Bg2 c6 5.Nf3 d5 6.O-O Bd6 7.b3 Qe7 8.Nbd2 b6 9.
Ne5 Bb7 10.Bb2 O-O 11.Rc1 a5 12.e3 Na6 13.Qe2 Nc7 14.Rfd1 Bxe5 15.dxe5 Ne4
16.Nb1 c5 17.h4 g5 18.hxg5 Qxg5 19.Nd2 Rad8 20.Nf1 Rd7 21.g4 Qh4 22.cxd5 
Nxd5 23.Rc4 Rg7 24.gxf5 Nf4 0-1

[Event "2nd GMA World Cup prel  #2"]
[Site "Moscow URS"]
[Date "1989.??.??"]
[Round "6"]
[White "Chernin, Alexander"]
[Black "Dreev, Alexei"]
[Result "1/2-1/2"]
[WhiteElo "2580"]
[BlackElo "2520"]
[EventDate "1989.05.??"]
[PlyCount "61"]

1.c4 c6 2.Nc3 d5 3.d4 Nf6 4.Nf3 e6 5.Bg5 h6 6.Bxf6 Qxf6 7.e3 Nd7 8.Bd3 
dxc4 9.Bxc4 Bd6 10.O-O Qe7 11.Ne4 Bc7 12.Qc2 O-O 13.Rac1 Rd8 14.Rfd1 Nf8 
15.Nc5 Bd6 16.Ne4 Bc7 17.Nc5 Bd6 18.Nd3 Bd7 19.e4 Be8 20.Qe2 Bc7 21.e5 Bb6
22.Qe3 a5 23.Rd2 a4 24.a3 Ng6 25.g3 Rd7 26.Nc5 Rdd8 27.Ba2 Ra5 28.Qc3 Raa8
29.Qe3 Ra5 30.Qc3 Rda8 31.Qe3 1/2-1/2

[Event "2nd GMA World Cup prel  #2"]
[Site "Moscow URS"]
[Date "1989.??.??"]
[Round "6"]
[White "De Firmian, Nick"]
[Black "Pigusov, Evgeny"]
[Result "1/2-1/2"]
[WhiteElo "2570"]
[BlackElo "2525"]
[EventDate "1989.05.??"]
[PlyCount "49"]

1.e4 c5 2.Nf3 Nc6 3.d4 cxd4 4.Nxd4 g6 5.Nc3 Bg7 6.Be3 Nf6 7.Bc4 O-O 8.Bb3 
a5 9.f3 d5 10.Bxd5 Nxd5 11.exd5 Nb4 12.Nde2 Bf5 13.Rc1 b5 14.O-O Rc8 15.
Nd4 Bxd4 16.Qxd4 Nxc2 17.Rxc2 Bxc2 18.Bh6 e5 19.Qxe5 f6 20.Qe6+ Rf7 21.Ne4
Bxe4 22.fxe4 Qd7 23.Qxd7 Rxd7 24.Rxf6 Re8 25.Rf2 1/2-1/2

[Event "2nd GMA World Cup prel  #2"]
[Site "Moscow URS"]
[Date "1989.??.??"]
[Round "6"]
[White "Dolmatov, Sergei"]
[Black "Ubilava, Elizbar"]
[Result "1-0"]
[WhiteElo "2580"]
[BlackElo "2515"]
[EventDate "1989.05.??"]
[PlyCount "91"]

1.e4 c5 2.Nf3 d6 3.d4 cxd4 4.Nxd4 Nf6 5.Nc3 a6 6.Be2 e5 7.Nb3 Be7 8.Be3 
Be6 9.f4 exf4 10.Bxf4 Nc6 11.Qd2 O-O 12.O-O-O Ne5 13.Nd4 Qd7 14.Nxe6 Qxe6 
15.Kb1 Rac8 16.Bd3 Nc4 17.Qe1 b5 18.Ne2 d5 19.e5 Nxe5 20.Bxh7+ Nxh7 21.Nd4
Qg6 22.Bxe5 Bf6 23.Qg3 Qxg3 24.Bxg3 Rc4 25.Nf5 Rb4 26.b3 Re4 27.Rxd5 Re2 
28.Re1 Rfe8 29.Rdd1 Ng5 30.Nd6 R8e6 31.Rg1 Ne4 32.Nxe4 R6xe4 33.a3 Bd4 34.
Rge1 Bc3 35.Rxe2 Rxe2 36.Rd8+ Kh7 37.Rd3 Bf6 38.c4 bxc4 39.bxc4 Rxg2 40.c5
Rb2+ 41.Kc1 Rb5 42.Bd6 Kg6 43.c6 Rb6 44.c7 Rc6+ 45.Kb1 Bc3 46.Rd5 1-0

[Event "2nd GMA World Cup prel  #2"]
[Site "Moscow URS"]
[Date "1989.??.??"]
[Round "6"]
[White "Vaiser, Anatoly"]
[Black "Dlugy, Maxim"]
[Result "1-0"]
[WhiteElo "2525"]
[BlackElo "2570"]
[EventDate "1989.05.??"]
[PlyCount "123"]

1.d4 d5 2.Nf3 c5 3.c4 dxc4 4.d5 e6 5.Nc3 exd5 6.Qxd5 Qxd5 7.Nxd5 Bd6 8.e4 
Nf6 9.Nxf6+ gxf6 10.Bxc4 Be6 11.Bxe6 fxe6 12.Bh6 Rg8 13.O-O-O Bc7 14.Be3 
Nd7 15.g3 O-O-O 16.Kc2 b6 17.Rhg1 h5 18.h3 Kb7 19.g4 hxg4 20.Rxg4 Rxg4 21.
hxg4 Kc6 22.Rh1 Rg8 23.g5 Bd8 24.Rh6 fxg5 25.Rxe6+ Kc7 26.Nd2 Rf8 27.e5 
Rh8 28.Ne4 Nf8 29.Rd6 Be7 30.Rd1 Ne6 31.Nc3 Kc8 32.Nb5 a6 33.Nd6+ Kc7 34.
Nf5 Bf8 35.Kd3 b5 36.b3 Kc6 37.Ke4 Rh2 38.Rg1 c4 39.bxc4 bxc4 40.Rc1 Bc5 
41.Rxc4 Kb5 42.Rc2 Bxe3 43.Kxe3 Kb6 44.Ke4 Rh8 45.Ne3 Rf8 46.Nd5+ Kb5 47.
Nf6 Rf7 48.Rb2+ Kc6 49.Kf5 Re7 50.Rc2+ Kb5 51.Rd2 Kc4 52.Rd6 Nd4+ 53.Ke4 
Ne6 54.Ng4 Nc5+ 55.Kf5 a5 56.Ne3+ Kb5 57.Nd5 Rf7+ 58.Rf6 Rd7 59.Rb6+ Ka4 
60.Nc3+ Ka3 61.Rb5 Nd3 62.Rb3# 1-0

[Event "2nd GMA World Cup prel  #2"]
[Site "Moscow URS"]
[Date "1989.??.??"]
[Round "6"]
[White "Akopian, Vladimir"]
[Black "Dorfman, Iosif"]
[Result "1-0"]
[WhiteElo "2520"]
[BlackElo "2565"]
[EventDate "1989.05.??"]
[PlyCount "151"]

1.e4 c5 2.Nf3 d6 3.d4 cxd4 4.Nxd4 Nf6 5.Nc3 a6 6.Bd3 Nc6 7.Nxc6 bxc6 8.O-O
g6 9.f4 Bg7 10.Qe1 O-O 11.Qh4 Nd7 12.Be3 Rb8 13.Rab1 e6 14.Qxd8 Rxd8 15.
Na4 c5 16.b3 Bb7 17.Bf2 Bc6 18.Rfd1 Nf6 19.Bh4 c4 20.Bxc4 Bxe4 21.Bd3 Bxd3
22.Rxd3 Rdc8 23.Bxf6 Bxf6 24.c3 d5 25.Re1 h5 26.Kf1 Rc6 27.Ke2 Kg7 28.Kd2 
Rbc8 29.Rf1 h4 30.Rf2 Kh6 31.Rff3 Kh5 32.h3 a5 33.Rf2 Kh6 34.Rff3 Kg7 35.
Rf2 Kf8 36.Re2 Bg7 37.Rf3 Ke7 38.Re1 Kd6 39.Ref1 Bf6 40.Rd3 g5 41.f5 Ke7 
42.Re1 Kf8 43.Rf1 Kg7 44.Rf2 Be5 45.Re2 Kf6 46.fxe6 fxe6 47.Rf2+ Kg6 48.
Rf1 Bf4+ 49.Kc2 Kf5 50.a3 R8c7 51.Re1 Rb7 52.Rf1 Rb5 53.Rfd1 Bd6 54.c4 Rb7
55.Nc3 Be5 56.Rf3+ Kg6 57.cxd5 exd5 58.Rxd5 Bg7 59.Rfd3 Bf8 60.Rxa5 Rf7 
61.b4 g4 62.hxg4 Rc4 63.Ra6+ Kg7 64.Re6 Rxg4 65.Re2 Bxb4 66.axb4 Rxb4 67.
Kd2 Rg4 68.Ke1 Rgf4 69.Ne4 Rg4 70.Rf3 Re7 71.Rfe3 Kg6 72.Kf1 Rf4+ 73.Kg1 
Re6 74.Nd2 Ref6 75.Kh2 Kg7 76.Rf3 1-0

[Event "2nd GMA World Cup prel  #2"]
[Site "Moscow URS"]
[Date "1989.??.??"]
[Round "6"]
[White "Azmaiparashvili, Zurab"]
[Black "Rashkovsky, Nukhim"]
[Result "0-1"]
[WhiteElo "2560"]
[BlackElo "2520"]
[EventDate "1989.05.??"]
[PlyCount "102"]

1.c4 g6 2.d4 Bg7 3.Nc3 Nf6 4.e4 d6 5.Be2 O-O 6.Nf3 Bg4 7.Be3 Nfd7 8.Ng1 
Bxe2 9.Ngxe2 e5 10.O-O Nc6 11.d5 Ne7 12.b4 f5 13.f3 Nf6 14.Qd2 f4 15.Bf2 
g5 16.c5 g4 17.cxd6 cxd6 18.Rfc1 Qd7 19.Qd3 gxf3 20.Qxf3 Ng4 21.Be1 Ng6 
22.Nd1 Bf6 23.Rc3 Bd8 24.Kh1 Bb6 25.Rac1 a5 26.b5 a4 27.Ra3 Bc5 28.Rac3 
Ne3 29.Bf2 Qxb5 30.h4 Nxd1 31.Rxd1 Bxf2 32.Qxf2 Rac8 33.h5 Nh8 34.Rcd3 Qd7
35.Qh4 Rc2 36.Ng3 Qg7 37.Qh3 Nf7 38.Nf5 Qf6 39.Rb1 Ng5 40.Qg4 Kh8 41.h6 
Rc7 42.Nxd6 Qxh6+ 43.Kg1 Qxd6 44.Qxg5 Qc5+ 45.Kh1 Rg7 46.Qxe5 Qc2 47.Rb2 
Qxd3 48.d6 f3 49.Kh2 Qe3 50.d7 f2 51.Qf6 Qg3+ 0-1

[Event "2nd GMA World Cup prel  #2"]
[Site "Moscow URS"]
[Date "1989.??.??"]
[Round "6"]
[White "Murey, Jacob"]
[Black "Smejkal, Jan"]
[Result "1/2-1/2"]
[WhiteElo "2560"]
[BlackElo "2515"]
[EventDate "1989.05.??"]
[PlyCount "127"]

1.c4 Nf6 2.Nc3 e5 3.Nf3 Nc6 4.g3 d5 5.cxd5 Nxd5 6.Bg2 Nb6 7.O-O Be7 8.d3 
O-O 9.Bd2 Be6 10.Rc1 f6 11.Qc2 Qd7 12.Rfd1 Nb4 13.Qb1 c5 14.b3 Rac8 15.Ne4
Na6 16.e3 Rfd8 17.Bc3 Bg4 18.d4 Qf5 19.Nxc5 Qxb1 20.Rxb1 Nxc5 21.dxc5 Bxc5
22.Rxd8+ Rxd8 23.Ba5 Bf5 24.Re1 Be4 25.Nd2 Bxg2 26.Kxg2 Rd7 27.Rc1 Ba3 28.
Rc2 Nd5 29.Rc8+ Kf7 30.Nc4 Be7 31.e4 Nb4 32.Bxb4 Bxb4 33.Ne3 Ke6 34.Nd5 
Ba5 35.Re8+ Kd6 36.Rh8 h6 37.Ne3 Bb6 38.Nf5+ Kc5 39.Rh7 Kb4 40.Nxh6 Ka3 
41.Nf5 Rd2 42.Rxg7 Rxf2+ 43.Kh3 Rxa2 44.Rxb7 Bg1 45.Kg4 Rxh2 46.Nd6 Kb2 
47.Kf5 Rg2 48.g4 Rf2+ 49.Ke6 Rf4 50.b4 Kc3 51.Ne8 Rxg4 52.Nxf6 Rg6 53.Kf5 
Rh6 54.Nd5+ Kd4 55.Rxa7 Rh5+ 56.Kg6 Rh8 57.Ra1 Bf2 58.Nf6 Rb8 59.Rd1+ Kc4 
60.Nd5 Bd4 61.Rc1+ Kd3 62.Kf5 Rf8+ 63.Nf6 Rb8 64.Nd5 1/2-1/2

[Event "2nd GMA World Cup prel  #2"]
[Site "Moscow URS"]
[Date "1989.??.??"]
[Round "6"]
[White "Vladimirov, Evgeny"]
[Black "Anand, Viswanathan"]
[Result "1-0"]
[WhiteElo "2550"]
[BlackElo "2525"]
[EventDate "1989.05.??"]
[PlyCount "104"]

1.d4 Nf6 2.c4 e6 3.Nf3 Bb4+ 4.Bd2 c5 5.Bxb4 cxb4 6.g3 O-O 7.Bg2 d6 8.O-O 
Nc6 9.d5 exd5 10.cxd5 Ne7 11.Ne1 Bd7 12.Nc2 Qb6 13.Ne3 Nf5 14.Nxf5 Bxf5 
15.Nd2 Rac8 16.Nb3 Rfe8 17.Qd4 Qa6 18.a3 Rc4 19.Qd2 Qb6 20.e3 bxa3 21.Rxa3
Rb4 22.Nd4 Rxb2 23.Qa5 Qxa5 24.Rxa5 Bd3 25.Rd1 Ba6 26.Rc1 g6 27.h3 Nd7 28.
Nc6 Nc5 29.Nxa7 Rb6 30.Raxc5 dxc5 31.Rxc5 Kf8 32.Rc7 Rb1+ 33.Kh2 Rb2 34.
Kg1 Ra8 35.Nc8 Bd3 36.d6 Bf5 37.Ne7 Ra1+ 38.Kh2 Be6 39.g4 Rxf2 40.Kg3 Rd2 
41.Bd5 Ra6 42.Bxe6 fxe6 43.Nc8 Rc6 44.Rxh7 Kg8 45.Rc7 Kf8 46.Ne7 Rcxd6 47.
Nxg6+ Kg8 48.Rxb7 Rd7 49.Rb8+ Rd8 50.Rb5 Kg7 51.Nf4 Re8 52.g5 Rd7 1-0

[Event "2nd GMA World Cup prel  #2"]
[Site "Moscow URS"]
[Date "1989.??.??"]
[Round "6"]
[White "Khalifman, Alexander"]
[Black "Cvitan, Ognjen"]
[Result "1/2-1/2"]
[WhiteElo "2545"]
[BlackElo "2525"]
[EventDate "1989.05.??"]
[PlyCount "81"]

1.e4 c5 2.Nf3 e6 3.d4 cxd4 4.Nxd4 Nf6 5.Nc3 d6 6.f4 a6 7.Be2 Be7 8.O-O O-O
9.a4 Nc6 10.Be3 Qc7 11.Kh1 Re8 12.Bd3 Nb4 13.Qf3 b6 14.Qg3 Bb7 15.Rae1 
Rad8 16.Bg1 Bf8 17.Qh4 Nd7 18.Re3 Be7 19.Qg4 Bf6 20.Rh3 Nxd3 21.cxd3 Nf8 
22.f5 Qe7 23.Rhf3 Nd7 24.Qh5 g6 25.fxg6 fxg6 26.Qh3 e5 27.Nc2 Qe6 28.Qxe6+
Rxe6 29.Ne3 Bg7 30.Ned5 b5 31.axb5 axb5 32.Be3 Rf8 33.Nxb5 Bxd5 34.exd5 
Ref6 35.Rxf6 Nxf6 36.Nxd6 Rb8 37.Nc4 Nxd5 38.Bd2 Rb3 39.Rf3 Nb6 40.Nxb6 
Rxb2 41.g3 1/2-1/2

[Event "2nd GMA World Cup prel  #2"]
[Site "Moscow URS"]
[Date "1989.??.??"]
[Round "6"]
[White "Eingorn, Viacheslav"]
[Black "Zapata, Alonso"]
[Result "1/2-1/2"]
[WhiteElo "2570"]
[BlackElo "2490"]
[EventDate "1989.05.??"]
[PlyCount "136"]

1.d4 Nf6 2.Nf3 g6 3.c4 Bg7 4.Nc3 O-O 5.e4 d6 6.Be2 e5 7.O-O Nc6 8.d5 Ne7 
9.Bg5 Nd7 10.Nd2 a5 11.a3 f5 12.f3 c5 13.dxc6 bxc6 14.b4 Nf6 15.Kh1 Be6 
16.Nb3 axb4 17.axb4 Rxa1 18.Qxa1 Qb6 19.Qa3 fxe4 20.fxe4 Ng4 21.Rxf8+ Bxf8
22.c5 Qd8 23.h3 Nh6 24.cxd6 Qxd6 25.Nc5 Nf7 26.Be3 Bc8 27.Bc4 Kg7 28.Qc1 
Ng8 29.N3a4 Qf6 30.Qd2 Bxc5 31.Nxc5 Qe7 32.Qa2 Nf6 33.Qa8 Nd6 34.Bd3 Qc7 
35.Qa1 Qe7 36.Qc1 Nf7 37.Be2 h5 38.Bc4 Nd6 39.Bd3 Nf7 40.Kh2 Nd7 41.Qa1 
Nxc5 42.Bxc5 Qe8 43.Qa8 Bd7 44.Qxe8 Bxe8 45.Be7 Nh6 46.Kg3 Bf7 47.Ba6 Bb3 
48.Bb7 Ba4 49.Kf3 Kf7 50.Bd8 Ke6 51.Bc8+ Kd6 52.Bb6 Nf7 53.h4 Ke7 54.Bc5+ 
Kf6 55.Bd7 Nd8 56.Be8 Ne6 57.Be3 Bb5 58.g4 hxg4+ 59.Kxg4 Be2+ 60.Kg3 Bb5 
61.Kf3 Ba4 62.Ke2 Bb5+ 63.Kd2 Ba4 64.Kd3 Bb5+ 65.Kc3 Kg7 66.Bg5 Nxg5 67.
hxg5 Kh7 68.Kb2 Kg7 1/2-1/2

[Event "2nd GMA World Cup prel  #2"]
[Site "Moscow URS"]
[Date "1989.??.??"]
[Round "6"]
[White "Kotronias, Vasilios"]
[Black "Romanishin, Oleg"]
[Result "0-1"]
[WhiteElo "2505"]
[BlackElo "2555"]
[EventDate "1989.05.??"]
[PlyCount "90"]

1.e4 e5 2.Nf3 Nc6 3.Bb5 a6 4.Ba4 Nf6 5.O-O Be7 6.Re1 b5 7.Bb3 d6 8.c3 O-O 
9.h3 Na5 10.Bc2 c5 11.d4 Bb7 12.Nbd2 cxd4 13.cxd4 exd4 14.Nxd4 Re8 15.b4 
Nc6 16.Nxc6 Bxc6 17.Bb2 Rc8 18.a3 Nd7 19.Nf1 Bf6 20.Bxf6 Qxf6 21.Ne3 Ne5 
22.Qd2 Qg6 23.Ng4 Nc4 24.Qf4 h5 25.Nh2 Bd7 26.Kh1 Ne5 27.Qd2 Qf6 28.Bb3 
Nc4 29.Qe2 d5 30.Qxh5 Rxe4 31.Bc2 g6 32.Qxd5 Rxe1+ 33.Rxe1 Qxf2 34.Rf1 Bc6
35.Rxf2 Bxd5 36.Ng4 Kg7 37.Bb3 f5 38.Nh2 Be4 39.Nf3 Ne3 40.Nd2 Ba8 41.Kh2 
Rc3 42.g4 fxg4 43.Rf7+ Kh6 44.Ra7 gxh3 45.Be6 Bg2 0-1

[Event "2nd GMA World Cup prel  #2"]
[Site "Moscow URS"]
[Date "1989.??.??"]
[Round "6"]
[White "Geller, Efim"]
[Black "Dokhoian, Yury"]
[Result "1/2-1/2"]
[WhiteElo "2480"]
[BlackElo "2575"]
[EventDate "1989.05.??"]
[PlyCount "88"]

1.e4 e6 2.d4 d5 3.Nd2 c5 4.exd5 exd5 5.Ngf3 Nf6 6.Bb5+ Bd7 7.Bxd7+ Nbxd7 
8.O-O Be7 9.dxc5 Nxc5 10.Nb3 Nce4 11.Nfd4 Qd7 12.Qf3 O-O 13.Nf5 Bd8 14.Be3
g6 15.Ng3 Qc6 16.c3 Nd6 17.Nd4 Qa6 18.Rfe1 Re8 19.Bf4 Rxe1+ 20.Rxe1 Nde4 
21.a3 Be7 22.Nf1 Bd6 23.Bxd6 Qxd6 24.Ne3 Re8 25.Rd1 Qb6 26.Qe2 Nd6 27.Qc2 
Nc4 28.Nxc4 dxc4 29.h3 Kg7 30.Nf3 Re4 31.Rd4 Qe6 32.Qd1 Re2 33.Rd2 Rxd2 
34.Qxd2 Qe4 35.Ng5 Qb1+ 36.Kh2 h6 37.Nf3 b5 38.Nd4 a6 39.f3 Qf1 40.Qe3 Qd3
41.Qe7 g5 42.Ne6+ Kg6 43.Nf8+ Kg7 44.Ne6+ Kg6 1/2-1/2

[Event "2nd GMA World Cup prel  #2"]
[Site "Moscow URS"]
[Date "1989.??.??"]
[Round "6"]
[White "Csom, Istvan"]
[Black "Karpman, Vadim"]
[Result "1/2-1/2"]
[WhiteElo "2545"]
[BlackElo "2480"]
[EventDate "1989.05.??"]
[PlyCount "118"]

1.c4 Nf6 2.g3 c6 3.Nf3 d5 4.Qc2 Bg4 5.Bg2 Nbd7 6.d3 e6 7.Nbd2 a5 8.O-O Be7
9.b3 a4 10.Bb2 O-O 11.Bc3 axb3 12.axb3 b5 13.Rxa8 Qxa8 14.Ra1 Qb7 15.Qa2 
bxc4 16.bxc4 Rb8 17.Rb1 Qc7 18.Rxb8+ Qxb8 19.Nd4 Qb7 20.h3 Bh5 21.N2b3 Nb8
22.Na5 Qc7 23.Qa4 c5 24.Nb5 Qd7 25.g4 Bg6 26.Be5 Na6 27.Nc3 Qxa4 28.Nxa4 
Nb4 29.Bxf6 gxf6 30.cxd5 exd5 31.Nc3 d4 32.Na4 f5 33.Nb7 fxg4 34.hxg4 h5 
35.gxh5 Bxh5 36.Kf1 c4 37.dxc4 d3 38.exd3 Nxd3 39.Be4 Nf4 40.c5 Be2+ 41.
Kg1 Ne6 42.Nc3 Ba6 43.c6 Nc7 44.Nd1 Kg7 45.Ne3 Kf6 46.f4 Bb4 47.Kf2 Ke7 
48.Kf3 Kf6 49.Bd5 Bd2 50.Bb3 Bxe3 51.Kxe3 Bb5 52.Na5 Ke7 53.Ke4 Kd6 54.
Bxf7 Bxc6+ 55.Nxc6 Kxc6 56.Kf5 Kd6 57.Kg6 Na6 58.f5 Nc5 59.Bc4 Ke7 1/2-1/2